00494 2200181 4500001002100000005001500021008004100036020002200077035001900099041000700118082001000125090001600135100002100151245004000172260004000212300002500252650003500277INLIS00000000001519520241224114904241224||||||||| | ||| |||| || |  a978-602-8260-28-2 0010-1224015195 aid0 a346.9 a346.9 RIN.d0 aRini Pamungkasih00a101 Draf Surat Perjanjian (Kontrak) aYogyakartabGradien Mediatamac2009 a392.;hlm.: il.; 23cm 0aSurat-surat Perjanjian/Kontrak